Využitie komunikačných zručností manažéra v hodnotiacom pohovore

Hodnotenie pracovníkov ako významná časť manažérskej práce. Vymedzenie hodnotiaceho pohovoru. Ťažisko hodnotiaceho pohovoru. Časté chyby manažéra pri hodnotiacom pohovore.

Salvato in:
Dettagli Bibliografici
Autore principale: Marhefková, Martina
Natura: Capitolo di libro
Lingua:slovacco
Soggetti:
Tags: Aggiungi Tag
Nessun Tag, puoi essere il primo ad aggiungerne!!

MARC

LEADER 00000naa a2200000 4500
001 r040244
005 20231003081540.8
041 0 |a slo 
044 |a SK 
245 1 0 |a Využitie komunikačných zručností manažéra v hodnotiacom pohovore  |c Martina Marhefková 
520 |a Hodnotenie pracovníkov ako významná časť manažérskej práce. Vymedzenie hodnotiaceho pohovoru. Ťažisko hodnotiaceho pohovoru. Časté chyby manažéra pri hodnotiacom pohovore. 
610 2 0 |a komunikácia manažérska 
610 2 0 |a hodnotenie pracovné 
610 2 0 |a hodnotenie pracovníkov 
610 2 0 |a kariéra 
610 2 0 |a zamestnanci 
610 2 0 |a zamestnávatelia 
100 1 |a Marhefková, Martina